000 00505cam a2200145 4500500
005 20260322013626.0
041 _afre
042 _adc
100 1 0 _aGuidon-Le Brun, Maryvonne
_eauthor
245 0 0 _aDrawing up your annual declaration of pollutant emissions and waste
260 _c2026.
500 _a22
786 0 _nEnvironment | - | 2026-03-04 | p. 122-122
856 4 1 _uhttps://stm.cairn.info/icpe-meeting-regulatory-requirements--bdti22710210-fic0492-page-122?lang=en&redirect-ssocas=7080
999 _c1782277
_d1782277